|
|
|
|
| LEADER |
02440nam a2200529 a 4500 |
| 001 |
nkc20061699373 |
| 003 |
CZ PrNK |
| 005 |
20071123091412.0 |
| 007 |
ta |
| 008 |
061127s2006 xr abchf 000 0 cze |
| 015 |
|
|
|a cnb001699373
|
| 020 |
|
|
|a 80-7285-077-6
|q (brož.) :
|c Kč 155,00
|
| 035 |
|
|
|a (OCoLC)124087138
|
| 040 |
|
|
|a ABA001
|b cze
|
| 043 |
|
|
|a e-xr---
|b e-xr-ol
|a e-cs---
|2 czenas
|
| 045 |
|
|
|a x4x9
|
| 072 |
|
7 |
|a 329
|x Politické strany a hnutí
|2 Konspekt
|9 15
|
| 080 |
|
|
|a 329.1/.6
|2 MRF
|
| 080 |
|
|
|a 328/329
|2 MRF
|
| 080 |
|
|
|a (437.325)
|2 MRF
|
| 080 |
|
|
|a (048.8)
|2 MRF
|
| 100 |
1 |
|
|a Konečný, Karel,
|d 1965-
|7 jo20000076498
|4 aut
|
| 245 |
1 |
0 |
|a Československá strana lidová a Československá strana (národně) socialistická na Olomoucku 1945-1989 :
|b příspěvek k dějinám Národní fronty v poválečném Československu /
|c Karel Konečný
|
| 246 |
1 |
8 |
|a ČSL a ČSS na Olomoucku 1945-1989
|
| 250 |
|
|
|a Vyd. 1.
|
| 260 |
|
|
|a Brno :
|b Prius pro Ústav pro soudobé dějiny AV ČR v Praze,
|c 2006
|
| 300 |
|
|
|a 75 s. :
|b il., mapy, portréty, faksim. ;
|c 24 cm
|
| 490 |
1 |
|
|a Studijní materiály výzkumného projektu Komunistické Československo na přelomu 50. a 60. let ;
|v sv. 2
|
| 504 |
|
|
|a Obsahuje bibliografii a bibliografické odkazy
|
| 648 |
|
7 |
|a 1945-1989
|7 ch460657
|2 czenas
|
| 650 |
0 |
7 |
|a politické strany
|7 ph115790
|z Československo
|2 czenas
|
| 650 |
0 |
9 |
|a political parties
|z Czechoslovakia
|2 eczenas
|
| 655 |
|
7 |
|a studie
|7 fd133597
|2 czenas
|
| 655 |
|
9 |
|a studies
|2 eczenas
|
| 610 |
2 |
7 |
|a Československá strana lidová
|7 kn20010710118
|2 czenas
|
| 610 |
2 |
7 |
|a Československá strana socialistická
|7 ko2002101600
|2 czenas
|
| 610 |
2 |
7 |
|a Československá strana národně socialistická
|7 ko2002101601
|2 czenas
|
| 651 |
|
7 |
|a Olomouc (Česko : oblast)
|7 ge128534
|x politika a vláda
|y 1945-1989
|2 czenas
|
| 651 |
|
9 |
|a Olomouc Region (Czechia)
|x politics and government
|y 1945-1989
|2 eczenas
|
| 710 |
2 |
|
|a Ústav pro soudobé dějiny (Akademie věd ČR)
|7 kn20010709012
|
| 830 |
|
0 |
|a Studijní materiály výzkumného projektu Komunistické Československo na přelomu 50. a 60. let
|0 s
|
| 910 |
2 |
|
|a BOA001
|b 2-1192.074
|
| 990 |
|
|
|a BK
|
| 995 |
|
|
|a 01
|
| 991 |
|
|
|b 200710
|c NOV
|
| 996 |
6 |
|
|b 2610320101
|c 2-1192.074
|l MZK
|r Sklad / do 1 hodiny
|n 2
|p p.v.
|w 000866516
|u 000010
|a 1
|e BOA001
|j MZK50
|s P
|
| 996 |
7 |
|
|b 2610320102
|c 2-1192.074
|l MZK
|r Sklad / do 1 hodiny
|n 8
|p p.v.
|w 000866516
|u 000020
|a 1
|e BOA001
|j MZK50
|s A
|